Principles of applied reservoir simulation /
SHORT BLURB/BRIEF DESCRIPTION: The hottest, most important topic to reservoir engineers is reservoir simulation. Reservoir simulations are literally pictures of what a reservoir of oil or gas looks, or should look, like under the surface of the earth. A multitude of tools is available to the enginee...
| Main Author: | |
|---|---|
| Format: | eBook |
| Language: | English |
| Published: |
Amsterdam ; Boston :
Gulf Professional Pub.,
[2006]
|
| Edition: | 3rd ed. |
| Subjects: | |
| Online Access: | Connect to the full text of this electronic book Publisher description Table of contents only |
MARC
| Tag | First Indicator | Second Indicator | Subfields |
|---|---|---|---|
| LEADER | 00000cam a2200000Ia 4500 | ||
| 001 | in00002428310 | ||
| 005 | 20190327171455.0 | ||
| 006 | m d | ||
| 007 | cr cn||||||||| | ||
| 008 | 070802s2006 maua sb 001 0 eng d | ||
| 020 | |a 9780750679336 | ||
| 020 | |a 0750679336 | ||
| 035 | |a (OCoLC)ocn162130381 | ||
| 035 | |a (OCoLC)162130381 | ||
| 037 | |a 113430:113520 |b Elsevier Science & Technology |n http://www.sciencedirect.com | ||
| 040 | |a OPELS |c OPELS |d UtOrBLW | ||
| 049 | |a TEFA | ||
| 050 | 1 | 4 | |a TN870.53 |b .F36 2006eb |
| 082 | 0 | 4 | |a 622/.33820113 |2 22 |
| 100 | 1 | |a Fanchi, John R. | |
| 245 | 1 | 0 | |a Principles of applied reservoir simulation / |c John Fanchi. |
| 250 | |a 3rd ed. | ||
| 264 | 1 | |a Amsterdam ; |a Boston : |b Gulf Professional Pub., |c [2006] | |
| 264 | 4 | |c ©2006 | |
| 300 | |a xix, 511 pages : |b illustrations ; |c 24 cm. | ||
| 336 | |a text |b txt |2 rdacontent | ||
| 337 | |a computer |b c |2 rdamedia | ||
| 338 | |a online resource |b cr |2 rdacarrier | ||
| 533 | |a Electronic reproduction. |b Amsterdam : |c Elsevier Science & Technology, |d 2007. |n Mode of access: World Wide Web. |n System requirements: Web browser. |n Title from title screen (viewed on July 25, 2007). |n Access may be restricted to users at subscribing institutions. | ||
| 520 | |a SHORT BLURB/BRIEF DESCRIPTION: The hottest, most important topic to reservoir engineers is reservoir simulation. Reservoir simulations are literally pictures of what a reservoir of oil or gas looks, or should look, like under the surface of the earth. A multitude of tools is available to the engineer to generate these pictures, and, essentially, the more accurate the picture, the easier the engineer can get the product out of the ground, and, thus, the more profitable the well will be. UNIQUE FEATURE: Completely revised and updated throughout, this new edition of a GPP industry standard has completely new sections on coalbed methane, CO2 sequestration (important for environmental concerns), Co2 Flood, more sophisticated petrophysical models for geoscientists, examples of subsidence, additional geomechanical calculations, and much more. What makes this book so different and valuable to the engineer is the accompanying software, used by reservoir engineers all over the world every day. The new software, IFLO (replacing WINB4D, in previous editions), is a simulator that the engineer can easily install in a Windows operating environment. IFLO generates simulations of how the well can be tapped and feeds this to the engineer in dynamic 3D perspective. This completely new software is much more functional, with better graphics and more scenarios from which the engineer can generate simulations. BENEFIT TO THE READER: This book and software helps the reservoir engineer do his or her job on a daily basis, better, more economically, and more efficiently. Without simulations, the reservoir engineer would not be able to do his or her job at all, and the technology available in this product is far superior to most companies internal simulation software. It is also much less expensive ($89.95 versus hundreds or even thousands of dollars) than off-the-shelf packages available from independent software companies servicing the oil and gas industry. It is, however, just as, or more accurate than these overpriced competitors, having been created by a high-profile industry expert and having been used by engineers in the real world with successful and profitable results. * This reference is THE industry standard to successfuly modelling reservoirs, obtaining maximum supply and profiting from oil and gas reservoirs * Includes dowloadable software of the new IFLO reservoir simulation software, that can save your company thousands of dollars * This edition has been updated to included new sections on environmentally important issues such as CO2 sequestration, coalbed methane,Co2 Flood * The third edition also provides more sophisticated petrophysical models, examples of subsidence and additional geomechanical calculations. | ||
| 505 | 0 | |a About the Author -- Preface to Third Edition -- 1. Introduction to Reservoir Management -- Part I - Reservoir Engineering Primer -- 2. Basic Reservoir Analysis -- 3. Multiphase Flow Concepts -- 4. Fluid Displacement -- 5. Frontal Stability -- 6. Pattern Floods -- 7. Recovery of Subsurface Resources -- 8. Economics and the Environment -- Part II - Reservoir Simulation -- 9. Fluid Flow Equations -- 10. Fundamentals of Reservoir Simulation -- 11. Overview of the Modeling Process -- 12. Conceptual Reservoir Scales -- 13. Flow Units -- 14. Rock Properties -- 15. Distributing Rock Properties -- 16. Fluid Properties -- 17. Model Initialization -- 18. History Matching -- 19. Predictions -- Part III: IFLO Users Manual -- 20. Introduction to IFLO -- 21. Initialization Data -- 22. Recurrent Data -- Appendix A: Unit Conversion Factors -- Appendix B: Example IFLO Input Data Set -- References -- Index. | |
| 504 | |a Includes bibliographical references (pages 470-499) and index. | ||
| 500 | |a Electronic resource. | ||
| 650 | 0 | |a Oil fields |x Computer simulation. | |
| 650 | 0 | |a Petroleum |x Geology |x Mathematical models. | |
| 650 | 6 | |a Gisements pétrolifères |x Simulation par ordinateur. | |
| 650 | 6 | |a Pétrole |x Géologie |x Modèles mathématiques. | |
| 655 | 7 | |a Electronic books. |2 local | |
| 730 | 0 | |a Referex. | |
| 776 | 1 | |c Original |z 0750679336 |z 9780750679336 |w (DLC) 2006271896 |w (OCoLC)63692773 | |
| 856 | 4 | 0 | |u http://proxy.library.tamu.edu/login?url=http://www.sciencedirect.com/science/book/9780750679336 |z Connect to the full text of this electronic book |t 0 |
| 856 | 4 | 2 | |3 Publisher description |u http://www.loc.gov/catdir/enhancements/fy0629/2006271896-d.html |t 0 |
| 856 | 4 | 2 | |3 Table of contents only |u http://www.loc.gov/catdir/enhancements/fy0629/2006271896-t.html |t 0 |
| 994 | |a C0 |b TEF | ||
| 999 | |a MARS | ||
| 999 | f | f | |s 8f6b55bb-1ba5-3e99-939f-0b67debe14e9 |i 94773cf9-45b0-3e81-9c15-51079be34a18 |t 0 |
| 952 | f | f | |a Texas A&M University |b College Station |c Electronic Resources |d Available Online |t 0 |e TN870.53 .F36 2006eb |h Library of Congress classification |
| 998 | f | f | |a TN870.53 .F36 2006eb |t 0 |l Available Online |